Eastern Utah Libraries Catalog: Duchesne, Heber, Roosevelt, & Vernal

A source book for ancient church history : (Record no. 254866)

MARC details
000 -LEADER
fixed length control field 00887nam a22002171i 4500
001 - CONTROL NUMBER
control field lss02694533
005 - DATE AND TIME OF LATEST TRANSACTION
control field 20200320175226.0
008 - FIXED-LENGTH DATA ELEMENTS--GENERAL INFORMATION
fixed length control field 800403r19521941nyu b 00010 eng d
035 ## - SYSTEM CONTROL NUMBER
System control number ()9748
040 ## - CATALOGING SOURCE
Modifying agency UPRA
100 1# - MAIN ENTRY--PERSONAL NAME
Personal name Ayer, Joseph Cullen,
Dates associated with a name 1866-
9 (RLIN) 5817632
245 12 - TITLE STATEMENT
Title A source book for ancient church history :
Remainder of title from the Apostolic age to the close of the conciliar period /
Statement of responsibility, etc by Joseph Cullen Ayer, jr.
260 ## - PUBLICATION, DISTRIBUTION, ETC. (IMPRINT)
Place of publication, distribution, etc New York :
Name of publisher, distributor, etc C. Scribner's Sons,
Date of publication, distribution, etc 1952.
300 ## - PHYSICAL DESCRIPTION
Extent xxi, 70 p. ;
Dimensions 21 cm.
504 ## - BIBLIOGRAPHY, ETC. NOTE
Bibliography, etc "General bibliographical note": p. xix-xxi.
650 #0 - SUBJECT ADDED ENTRY--TOPICAL TERM
Topical term or geographic name as entry element Church history
Chronological subdivision Primitive and early church
General subdivision Sources.
9 (RLIN) 5817633
942 ## - ADDED ENTRY ELEMENTS (KOHA)
Koha item type BOOK
948 ## - LOCAL PROCESSING INFORMATION (OCLC); SERIES PART DESIGNATOR (RLIN)
Series part designator, SPT (RLIN) 05/11/2004
b (OCLC) 10/19/2011
z (OCLC) Sirsi
949 10 - LOCAL PROCESSING INFORMATION (OCLC)
b 34301000005068
c NF
d 270.9 AYE
m WCL
n WCL
t BK
996 ## -
-- 9748
-- 34301000005068
-- LOCKED
-- BK
-- WCL
-- i
-- 0
-- 25.00
-- Deseret Book
-- 270.9 Aye
-- 03/18/1999
-- 06/26/2008
Holdings
Withdrawn status Lost status Source of classification or shelving scheme Damaged status Not for loan Collection code Home library Current library Shelving location Date acquired Source of acquisition Cost, normal purchase price Total Checkouts Full call number Barcode Date last seen Cost, replacement price Price effective from Koha item type
    Dewey Decimal Classification     Archives Wasatch County Library Wasatch County Library Second Floor 03/18/1999   25.00   270.9 Aye 34301000005068 05/15/2024 25.00 03/20/2020 BOOK
This project was made possible through a grant from the Institute of Museum and Library Service administered by the Utah State Library Division.

Wasatch County Library

  • 465 East 1200 South, Heber City, Utah 84032
  • Phone 435-654-1511 | Fax 435-654-6456

Hours

  • Monday - Friday 9:30 AM - 8:00 PM
  • Saturday 9:30 AM - 1:30 PM
  • Closed Sundays and Holidays